000 00832nam0a22002531 4500
001 rc\208461
005 20030307114215.1
010 _a5-09-004671-9
_940000
035 _a(NLR Aleph) 005459305
090 _a4939832
_c4939832
100 _a20030307d1994 u |0rusy50 ca
101 0 _arus
102 _aRU
105 _aa |||||||||
200 1 _aАлександр Солженицын
_eЖизнь и творчество
_eКн. для учащихся
210 _aМ.
_cПросвещение
_d1994
215 _a285, [2] с., [8] л. ил.
_d21
600 1 _aСолженицын
_bА.И.
_gАлександр Исаевич
_2psbo
700 1 _aЧалмаев
_bВ. А.
_f1932-
_gВиктор Андреевич
801 0 _aRU
_bNLR
_gpsbo
801 1 _aRU
_bELAR
_2rusmarc
852 _aNLR
_j94-3/4122
942 _cBOOK
980 _aNB